| 000 | 00777nam a2200229Ia 4500 | ||
|---|---|---|---|
| 001 | dia_2141 | ||
| 003 | CHAP | ||
| 005 | 20251027144735.0 | ||
| 008 | 220117s1975 xx 000 0 und d | ||
| 010 | _a172682 | ||
| 040 | _cCHAP | ||
| 082 | _a637.1 S6 | ||
| 100 |
_aSpreer, Edgar _9109276 |
||
| 245 |
_aLactología Industrial; Leche Preparación y Elaboración de Máquinas, Instalaciones y Aparatos para Productos Lácteos / _c por Edgar Spreer, traducido por José Romero Muñoz de Arenillas |
||
| 260 |
_aEspaña : _b Acribia, _c1975 |
||
| 300 | _a458 p. | ||
| 600 |
_a1.Industria lechera/ 2.Leche/ 3.Productos lácteos. _9152322 |
||
| 901 | _a637.1 S6 | ||
| 902 | _aM | ||
| 905 | _a0000001975 ESPA 0000000000ESP00 | ||
| 942 |
_cLIBRO _2ddc |
||
| 999 |
_c172682 _d172682 |
||